APEC Schools

Sound and light / (Record no. 7124)

000 -LEADER
fixed length control field nam a22 7a 4500
005 - DATE AND TIME OF LATEST TRANSACTION
control field 20190219022750.0
008 - FIXED-LENGTH DATA ELEMENTS--GENERAL INFORMATION
fixed length control field 190219b xxu||||| |||| 00| 0 eng d
020 ## - IDENTIFIER FOR THE MANIFESTATION
Identifier for the Manifestation 9780133684827
Binding paperback.
040 ## - CATALOGING SOURCE
Language of Cataloging eng
Transcribing Agency APEC Schools Library
Description Conventions rda
082 ## - DEWEY DECIMAL CLASSIFICATION NUMBER
Classification number C 531.1133
Author's Number B856so 2011
100 ## - CREATOR
Preferred Name of the Person Buckley, Don
245 ## - TITLE AND STATEMENT OF RESPONSIBILITY
Preferred Title Proper Sound and light /
Statement of Responsibility/Parallel Statement of Responsibility Don Buckley,
-- Zipporah Miller,
-- Michael J. Padilla,
-- Kathryn Thornton,
-- Michael E. Wyession
264 ## - PUBLICATION STATEMENT
Place of publication, distribution, etc Upper Saddle River, NJ :
Publisher's Name/Parallel Publisher's Name Pearson Education,
Copyright ©2011.
300 ## - PHYSICAL DESCRIPTION
Extent xx, 156 pages :
Illustrative Content colored illustrations ;
Dimensions 27 cm.
336 ## - RDA CONTENT
Source rdacontent
Content Type text
337 ## - RDA MEDIA
Source rdamedia
Media Type unmediated
338 ## - RDA CARRIER
Source rdacarrier
Carrier Type volume
490 ## - SERIES STATEMENT
Title Proper of Series Interactive science series.
504 ## - BIBLIOGRAPHY, ETC. NOTE
Bibliography, etc Includes index.
600 ## - ADDED SUBJECT ACCESS POINT - PERSONAL NAME
Preferred Name of the Person Miller, Zipporah
600 ## - ADDED SUBJECT ACCESS POINT - PERSONAL NAME
Preferred Name of the Person Padilla, Michael J.
600 ## - ADDED SUBJECT ACCESS POINT - PERSONAL NAME
Preferred Name of the Person Thornton, Kathryn
600 ## - ADDED SUBJECT ACCESS POINT - PERSONAL NAME
Preferred Name of the Person Wyession, Michael E.
650 ## - ADDED SUBJECT ACCESS POINT - TOPICAL TERM
Topical Term Physics--Textbooks.
650 ## - ADDED SUBJECT ACCESS POINT - TOPICAL TERM
Topical Term Science--Study and teaching (Middle School).
650 ## - ADDED SUBJECT ACCESS POINT - TOPICAL TERM
Topical Term Waves.
650 ## - ADDED SUBJECT ACCESS POINT - TOPICAL TERM
Topical Term Sound.
942 ## - ADDED ENTRY ELEMENTS (KOHA)
Source of Classification
Koha Item Type Books
Holdings
Library Site Location Shelving Location Source of Acquisition Full Classification Number Accession Number Koha Item Type
APEC Bacoor Library APEC Bacoor Library Circulation Institutional Fund C 531.1133 B856so 2011 B04-0000290 Non Fiction
APEC JRU Lipa Library APEC JRU Lipa Library Circulation Institutional Fund C 531.1133 B856so 2011 B12-0000401 Non Fiction
APEC Muntinlupa Library APEC Muntinlupa Library Circulation Institutional Fund C 531.1133 B856so 2011 B01-0000160 Non Fiction
APEC Taytay Library APEC Taytay Library Circulation Institutional Fund C 531.1133 B856so 2011 B08-0000296 Non Fiction

Powered by Koha